000 00501nmm a2200169Ia 4500
008 251105s9999||||xx |||||||||||||||||und||
020 _a9788446050278
041 _aspa
100 _aHotait Salas, Laila
245 0 _aSiempre nos quedará Beirut: Cine de autor y guerra(s) en el Líbano, 1970-2006
264 _a[Madrid, España] :
_bAkal,
_c2020
300 _a320 páginas
490 _aCine
650 _aFilm studies
856 _uhttps://public.digitaliapublishing.com/a/70703
942 _cCF
999 _c83252
_d83252